|
|
|
|
| LEADER |
00000cam a2200000 7i4500 |
| 001 |
0000002843 |
| 005 |
20040121.0 |
| 090 |
0 |
0 |
|a FAO634.9
|b DIN 1997
|
| 100 |
1 |
0 |
|a DINICOLA
|h Anthony
|
| 245 |
1 |
0 |
|a Opportunities for forestry investment in Asia and the Pacific through carbon offset initiatives
|c by Anthony DiNicola, Don Justin Jones and Gerald Gray
|
| 260 |
0 |
0 |
|a Rome :
|b Food and Agriculture Organization of the United Nations ,
|c 1997
|
| 300 |
|
|
|a 46 p. ;
|c 30 cm.
|
| 440 |
0 |
0 |
|a Asia-Pacific forestry sector outlook study working paper series ; no. APFSOS/WP/29
|
| 500 |
0 |
0 |
|a Bibliography : p. 42-44
|
| 650 |
0 |
0 |
|a Forests and forestry
|z Asia
|
| 650 |
0 |
0 |
|a Forests and forestry
|z Pacific area
|
| 700 |
0 |
1 |
|a Gray
|h Gerald
|
| 700 |
0 |
1 |
|a Jones
|h Don Justin
|
| 710 |
1 |
1 |
|a Food and Agriculture Organization of the United Nations (FAO)
|
| 998 |
|
|
|a JPSM
|
| 999 |
|
|
|a 0000004774
|b Monograph
|c Food and Agriculture Organization
|e Default branch
|
| 999 |
|
|
|a 0000004775
|b Monograph
|c Food and Agriculture Organization
|e Default branch
|